000
00400nam a22001697a 4500
003
MPLRDC
005
20220104123652.0
008
210129b ||||| |||| 00| 0 eng d
082
_a
413.32 YXM
100
_a
叶心铭译
245
_a
伤寒论阶梯
_c
250
_a
一版一刷
260
_a
_b
上海卫生出版社
_c
1956
300
_b
平
650
_a
伤寒论
942
_c
BK
_o
413.32 YXM
999
_c
13244
_d
13234